عرض عادي عرض مارك
  • Advanced concepts for intelligent vision systems (International conference)

مدخل إسم مؤتمر

عدد التسجيلات المستخدمة في: 1

001 - رقم الضبط

  • حقل الضبط: 3410

003 - معرف رقم الضبط

  • حقل الضبط: OSt

005 - تاريخ ووقت أخر عملية

  • حقل الضبط: 20110827112534.0

008 - عناصر بيانات ثابتة الطول

  • حقل تحكم ثابت الطول: 110827|||a|||||| | ||| d

040 ## - مصدر الفهرسة

  • هيئة الفهرسة الأصلية: OSt
  • وكالة الكتابة: OSt

111 ## - مدخل -- اسم مؤتمر

  • اسم الملتقي او اسم السلطه كعنصر مدخل: Advanced concepts for intelligent vision systems (International conference)
  • مكان الملتقي: |c Sydney, Australia
  • تاريخ المؤتمر: (2010 : |c Sydney, Australia)
  • الوحده الفرعيه: 2010 Dec :)

670 ## - بيانات المصدر موجوده

  • الاستشهاد بالمصدر: Work cat.: (OSt): Advanced concepts for intelligent vision systems (International conference) |c Sydney, Australia (2010 : |c Sydney, Australia) 2010 Dec :), Advanced concepts for intelligent vision systems : , 2010.